Paroles Disney - Je m'en vais - Statistiques

Statistiques générales
  • Ce quiz a été pris 1 096 fois
  • Le résultat moyen est 172 sur 224
Statistiques - réponses
Paroles % Correct
je
100%
me
100%
m'en
99%
vais
99%
vais.
99%
à
98%
a
98%
que
98%
amis
97%
de
97%
mes
97%
Dites
96%
dites
96%
pars
94%
nouveaux
93%
vers
93%
pays
92%
le
91%
et
90%
ma
84%
ce
83%
qui
81%
mon
79%
c'est
78%
C'est
78%
est
78%
soleil
78%
vie
77%
dans
74%
la
74%
se
74%
tout
74%
des
73%
pas
71%
compte
70%
ne
70%
ciel
68%
fais
67%
peu
67%
il
66%
moi
66%
ça
65%
guide
65%
j'ai
65%
nous
65%
65%
coeur
63%
au
62%
un
62%
chacun
61%
revoir
59%
rien
59%
sourire
59%
n'y
58%
peux
58%
sépare
58%
car
57%
fait
57%
importe
57%
j'aime
57%
m'empêcher
57%
mieux
57%
les
56%
leur
56%
chaud
55%
idéal
53%
bleu
52%
vous
50%
Alors
49%
écrit
48%
Ni
48%
ni
48%
avenir
47%
pluie
47%
sous
47%
suis
47%
lèvera
46%
meilleur
46%
étoiles
45%
oh
45%
vent
45%
nos
44%
vrai
44%
histoires
43%
lune
43%
neige
43%
nuits
43%
réchauffe
43%
visage
41%
changeront
40%
protège
39%
dormir
38%
impatient
38%
d'arriver
35%
oui
32%
partager
32%
du
31%
pouvez
30%
rentrer
29%
frotte
26%
temps
24%
toujours
24%
bonheur
15%
descend
6%
Aucun quiz correspondant
Distribution des résultats
% des personnes avec chaque résultat
Percentile par nombre de réponses
Votre historique - résultats
Vous n’avez pas pris ce quiz